Capital movements and economic development (Record no. 36724)

MARC details
000 -LEADER
fixed length control field 00635nam a2200157 a 4500
008 - FIXED-LENGTH DATA ELEMENTS--GENERAL INFORMATION
fixed length control field 120416s1967 ||||||||||||||||| || u
050 ## - LIBRARY OF CONGRESS CALL NUMBER
Classification number HG 4538 Adl
100 ## - MAIN ENTRY--PERSONAL NAME
Personal name Kuznets, Paul W
245 10 - TITLE STATEMENT
Title Capital movements and economic development
Statement of responsibility, etc. edited by John Hans Adler
246 ## - VARYING FORM OF TITLE
Title proper/short title proceedings of a conference held by the International Economic Association
260 ## - PUBLICATION, DISTRIBUTION, ETC.
Place of publication, distribution, etc. London
Name of publisher, distributor, etc. Macmillan
Date of publication, distribution, etc. 1967
300 ## - PHYSICAL DESCRIPTION
Extent xxxiv, 497p. : ill.
350 ## - PRICE (NR) (BK AM CF MU VM SE) [OBSOLETE]
Price 0.00
700 ## - ADDED ENTRY--PERSONAL NAME
Personal name Adler, John Hans
995 ## - RECOMMENDATION 995 [LOCAL, UNIMARC FRANCE]
-- 0.00
-- CBU-MAIN LIBRARY (Kitwe)
-- 1
-- 0.00
-- 1
-- AVAILABLE
-- Annex Low-Usage Collection
Holdings
Withdrawn status Lost status Source of classification or shelving scheme Damaged status Not for loan Home library Current library Shelving location Date acquired Total Checkouts Full call number Barcode Date last seen Price effective from Koha item type
          CBU-MAIN LIBRARY, KITWE. CBU-MAIN LIBRARY, KITWE.   11/30/2022   HG 4538 Adl 006737 11/30/2022 11/30/2022 MONOGRAPH